000 00438nam a2200145 a 4500
001 000039347
005 20201002031615.0
008 130624s1957 dr 000 0 spa d
040 _aDO-SdBNP
_bspa
_cBNPHU
082 _axxx
100 1 _aRoss, Waldo
_99009
245 1 0 _aSoledad y heroismo en la vida de Dios /
_cWaldo Ross.
260 _aCiudad Trujillo, República Dominicana :
_bLibrería Dominicana,
_c1957.
300 _a92 p. ;
_c16 cm.
999 _c38837
_d38837